Normal view
MARC view
- Head Constance
Entry Personal Name
001 - CONTROL NUMBER
- control field: 7488
003 - CONTROL NUMBER IDENTIFIER
- control field: OSt
005 - DATE AND TIME OF LATEST TRANSACTION
- control field: 20200220083920.0
008 - FIXED-LENGTH DATA ELEMENTS
- fixed length control field: 200220|| aca||aabn | a|a d
040 ## - CATALOGING SOURCE
- Original cataloging agency: OSt
- Transcribing agency: OSt
100 ## - HEADING--PERSONAL NAME
- Personal name: Head Constance
670 ## - SOURCE DATA FOUND
- Source citation: Work cat.: (OSt): Head Constance, The Man Who Carried the Cross for Jesus, 1979